|
|
|
|
| LEADER |
00000nab a2200000 a 4500 |
| 001 |
vtls000186045 |
| 003 |
SK-MaSNL |
| 005 |
20260304064015.0 |
| 008 |
250422c1984 xo 0 slo |
| 015 |
|
|
|a SNBRB19rr/mm-uuuuu
|
| 035 |
|
|
|a CL0196158
|
| 035 |
|
|
|a urn:nbn:sk:snk-ab2p0e
|
| 035 |
|
|
|a (urnnbn)urn:nbn:sk:snk:ar-a02psk
|
| 035 |
|
|
|a (uuid)58e8774d-22e2-45f5-bfa1-c4f6b104515a
|
| 040 |
|
|
|a SNKBUCL
|b slo
|c SNKBUCL
|e AACR2
|
| 041 |
0 |
|
|a slo
|
| 044 |
|
|
|a xo
|c SK
|
| 080 |
|
|
|a 631.158
|2 1981
|
| 100 |
1 |
|
|a Prokeš, Miroslav
|4 aut
|9 477467
|
| 245 |
1 |
0 |
|a Sociálno-ekonomické podmienky pracovníkov v socialistickom poľnohospodárstve
|c Miroslav Prokeš
|
| 650 |
0 |
7 |
|a poľnohospodárstvo
|2 snkbucl
|9 679
|
| 650 |
0 |
7 |
|a pracovníci
|2 snkbucl
|9 385397
|
| 655 |
|
7 |
|a články z novín a časopisov
|2 snkbucl
|9 267496
|
| 773 |
0 |
|
|t Ekonomika poľnohospodárstva
|g Roč. 23, č. 6 (1984), s. 241-243
|
| 850 |
|
|
|a Slovenská národná knižnica
|
| 852 |
|
|
|a Slovenská národná knižnica
|
| 954 |
|
|
|a odborná, vedecká literatúra pôvodná (slovenská)
|2 lita
|
| 958 |
|
|
|a article27
|
| 958 |
|
|
|a RK
|
| 958 |
|
|
|a OND
|
| 958 |
|
|
|a EUIPO
|
| 992 |
|
|
|a RBX
|
| 999 |
|
|
|c 2744849
|d 2746779
|